MARC details
| 000 -LEADER |
| fixed length control field |
02157naa a2200481 i 4500 |
| 003 - CONTROL NUMBER IDENTIFIER |
| control field |
EG-GICUC |
| 005 - DATE AND TIME OF LATEST TRANSACTION |
| control field |
20260121101439.0 |
| 008 - FIXED-LENGTH DATA ELEMENTS--GENERAL INFORMATION |
| fixed length control field |
251207s1928 fr o|||fr|||| 001 0 fre d |
| 040 ## - CATALOGING SOURCE |
| Original cataloging agency |
EG-GiCUC |
| Language of cataloging |
fre |
| Transcribing agency |
EG-GiCUC |
| Modifying agency |
EG-GiCUC |
| Description conventions |
Rda |
| 041 ## - LANGUAGE CODE |
| Language code of text/sound track or separate title |
fre |
| 082 04 - DEWEY DECIMAL CLASSIFICATION NUMBER |
| Edition number |
21 |
| Classification number |
341.1 |
| Item number |
RE |
| 092 04 - LOCALLY ASSIGNED DEWEY CALL NUMBER (OCLC) |
| Edition number |
21 |
| 099 ## - LOCAL FREE-TEXT CALL NUMBER (OCLC) |
| Classification number |
Law1 11 341.1 RE 1928 |
| 245 00 - TITLE STATEMENT |
| Title |
Recueil des cours. |
| Number of part/section of a work |
1927, Tome 16. |
| 264 #1 - PRODUCTION, PUBLICATION, DISTRIBUTION, MANUFACTURE, AND COPYRIGHT NOTICE |
| Place of production, publication, distribution, manufacture |
Paris : |
| Name of producer, publisher, distributor, manufacturer |
Hachette, |
| Date of production, publication, distribution, manufacture, or copyright notice |
1928. |
| 300 ## - PHYSICAL DESCRIPTION |
| Extent |
615 page : |
| Other physical details |
Photographs ; |
| Dimensions |
24 cm. |
| 336 ## - CONTENT TYPE |
| Source |
rda contenu |
| Content type term |
texte |
| 337 ## - MEDIA TYPE |
| Source |
rda medias |
| Media type term |
Ordinateur |
| 338 ## - CARRIER TYPE |
| Source |
transporteur rda |
| Carrier type term |
Ressource en ligne |
| 490 1# - SERIES STATEMENT |
| Series statement |
Académie de droit international ; |
| Volume/sequential designation |
1927, t.16. |
| 500 ## - GENERAL NOTE |
| General note |
"1927 I." |
| 500 ## - GENERAL NOTE |
| General note |
At head of title: Académie de droit international. |
| 504 ## - BIBLIOGRAPHY, ETC. NOTE |
| Bibliography, etc. note |
Includes bibliographical references and index. |
| 505 ## - FORMATTED CONTENTS NOTE |
| Formatted contents note |
Contient les cours de l'Académie y compris : |
| Title |
La théorie de l'autonomie de la volonté / |
| Statement of responsibility |
par J.-P. Niboyet -- |
| Title |
Crimes et délits contre la sûreté des états étrangers / |
| Statement of responsibility |
par Maurice Bourquin -- |
| Title |
Le fondement du droit international / |
| Statement of responsibility |
par Alfred Verdross -- |
| Title |
La guerre chimique et le mouvement pour sa répression / |
| Statement of responsibility |
par W.J.M. van Eysinga -- |
| Title |
La morale internationale / |
| Statement of responsibility |
par Herbert Kraus -- |
| Title |
Quelques aspects juridiques des transferts contractuels de richesse entre états / |
| Statement of responsibility |
par F. Williams. |
| 546 ## - LANGUAGE NOTE |
| Language note |
Texte en français |
| 650 14 - SUBJECT ADDED ENTRY--TOPICAL TERM |
| Topical term or geographic name entry element |
Droit international |
| Source of heading or term |
qrmak |
| 650 14 - SUBJECT ADDED ENTRY--TOPICAL TERM |
| Topical term or geographic name entry element |
Accords internationaux |
| Source of heading or term |
qrmak |
| 650 14 - SUBJECT ADDED ENTRY--TOPICAL TERM |
| Topical term or geographic name entry element |
Droit pénal international |
| Source of heading or term |
qrmak |
| 650 14 - SUBJECT ADDED ENTRY--TOPICAL TERM |
| Topical term or geographic name entry element |
États souverains |
| Source of heading or term |
qrmak |
| 650 14 - SUBJECT ADDED ENTRY--TOPICAL TERM |
| Topical term or geographic name entry element |
Guerre chimique. |
| Source of heading or term |
qrmak |
| 651 1# - SUBJECT ADDED ENTRY--GEOGRAPHIC NAME |
| Source of heading or term |
qrmak |
| 700 1# - ADDED ENTRY--PERSONAL NAME |
| Personal name |
Niboyet, J. P., |
| Dates associated with a name |
1886-1952, |
| Relator term |
Auteur |
| 700 1# - ADDED ENTRY--PERSONAL NAME |
| Personal name |
Bourquin, Maurice, |
| Relator term |
Auteur |
| 700 1# - ADDED ENTRY--PERSONAL NAME |
| Personal name |
Verdross, Alfred, |
| Dates associated with a name |
1890-1980. |
| Relator term |
Auteur |
| 700 1# - ADDED ENTRY--PERSONAL NAME |
| Personal name |
Eysinga, W. J. M. van, |
| Dates associated with a name |
1878-1961, |
| Relator term |
Auteur |
| 700 1# - ADDED ENTRY--PERSONAL NAME |
| Personal name |
Kraus, Herbert, |
| Dates associated with a name |
1884-1965, |
| Relator term |
Auteur |
| 700 1# - ADDED ENTRY--PERSONAL NAME |
| Personal name |
Williams, John Fischer, |
| Dates associated with a name |
1870-1947, |
| Relator term |
Auteur |
| 710 ## - ADDED ENTRY--CORPORATE NAME |
| Corporate name or jurisdiction name as entry element |
ACADÉMIE DE DROIT INTERNATIONAL. |
| 830 #0 - SERIES ADDED ENTRY--UNIFORM TITLE |
| Uniform title |
recueil des cours ; |
| Volume/sequential designation |
1927, t.16. |
| 856 40 - ELECTRONIC LOCATION AND ACCESS |
| Uniform Resource Identifier |
<a href="https://fll.law.cu.edu.eg/fulltext/bks/B11-05031.pdf">https://fll.law.cu.edu.eg/fulltext/bks/B11-05031.pdf</a> |
| 905 ## - Cataloger and Reviser Names |
| Cataloger Name: |
Rawan khaled |
| Revisor Name: |
Hassnaa |
| 942 ## - ADDED ENTRY ELEMENTS (KOHA) |
| Source of classification or shelving scheme |
Dewey Decimal Classification |
| Suppress in OPAC |
No |
| Koha item type |
Books |
| Edition |
21 |